[Event "Frankfurt Ch B 2015"]
[Site "Ffm-Höchst, BiKuZ"]
[Date "2015.05.11"]
[Round "3.5"]
[White "Mees, Andreas"]
[Black "Lopez, Victor"]
[Result "0-1"]
[WhiteElo "1238"]
[BlackElo "1442"]
[PlyCount "58"]
[EventDate "2015.??.??"]
[WhiteTeam "SV Groß-Gerau"]
[BlackTeam "SC Höchst"]

1. e4 e5 2. Nf3 Nc6 3. d4 exd4 4. c3 d5 5. e5 Bg4 6. Be2 dxc3 7. O-O cxb2 8.
Bxb2 Nh6 9. Re1 Bb4 10. Nbd2 O-O 11. Qc2 Nf5 12. h3 Bxf3 13. Bxf3 Qg5 14. Rad1
Nfd4 15. Qd3 Bxd2 16. Bxd4 Nxd4 17. Qxd4 Bxe1 18. Rxe1 c6 19. Bg4 Qd8 20. Rb1
b6 21. Rb3 c5 22. Qd2 d4 23. Rg3 Qe7 24. f4 f6 25. Qd3 fxe5 26. Bf5 h6 27. Rg6
Rf6 28. Qe4 Raf8 29. Rxf6 Qxf6 0-1

[Event "Frankfurt Ch B 2015"]
[Site "Ffm-Höchst, BiKuZ"]
[Date "2015.05.11"]
[Round "3.6"]
[White "Idrissi, Mourad"]
[Black "Both, Günter"]
[Result "1/2-1/2"]
[WhiteElo "1212"]
[BlackElo "1421"]
[PlyCount "62"]
[EventDate "2015.??.??"]
[WhiteTeam "VSG Offenbach"]
[BlackTeam "SK Bischofsheim"]

1. Nf3 Nf6 2. d4 d5 3. c4 e6 4. Nc3 c6 5. Bg5 Be7 6. e3 Nbd7 7. h3 h6 8. Bf4
O-O 9. Bd3 dxc4 10. Bxc4 Nd5 11. Bh2 N7f6 12. O-O a6 13. Rc1 Nxc3 14. bxc3 b5
15. Bb3 Qb6 16. c4 c5 17. cxb5 axb5 18. dxc5 Bxc5 19. Qc2 Bd6 20. Ne5 Bb7 21.
Rfd1 Rac8 22. Qe2 Ba3 23. Ra1 Rfd8 24. Kh1 Qc5 25. Nd3 Qc6 26. f3 Nd5 27. Bxd5
exd5 28. Be5 b4 29. Rab1 Ba6 30. Qf2 Bxd3 31. Rxd3 Qc2 1/2-1/2

[Event "Frankfurt Ch B 2015"]
[Site "Ffm-Höchst, BiKuZ"]
[Date "2015.05.11"]
[Round "3.8"]
[White "Koller, Wolfgang"]
[Black "Brand, Achim"]
[Result "0-1"]
[WhiteElo "1422"]
[BlackElo "1244"]
[PlyCount "112"]
[EventDate "2015.??.??"]
[WhiteTeam "SC Sulzbach"]
[BlackTeam "SVG Echzell"]

1. e4 e5 2. Nc3 Bb4 3. Nd5 Be7 4. Qg4 Bf6 5. Nxf6+ Qxf6 6. Bc4 Nc6 7. Qf3 Nd4
8. Qxf6 Nxf6 9. Bd3 d5 10. exd5 e4 11. Bc4 Nxc2+ 12. Kd1 Nxa1 13. b3 Bg4+ 14.
Ne2 O-O-O 15. Bb2 Nxb3 16. Bxb3 Nxd5 17. h3 Bxe2+ 18. Kxe2 f6 19. g3 Rd7 20. d3
exd3+ 21. Kxd3 Re8 22. Bd4 Nb6 23. Kc3 Re4 24. Be3 f5 25. Bc2 Rc4+ 26. Kb3 Rxc2
27. Kxc2 Rd5 28. Kb3 Kd7 29. Rc1 Rb5+ 30. Kc2 c5 31. Rd1+ Ke6 32. Rd8 Nd5 33.
Bd2 Nb4+ 34. Bxb4 Rxb4 35. Re8+ Kf7 36. Re5 Kf6 37. Rxc5 Re4 38. Kd3 Ra4 39.
Rc2 g5 40. h4 gxh4 41. gxh4 Rxh4 42. Rc7 b5 43. Rxa7 b4 44. Kc2 Rh2 45. Kb3
Rxf2 46. Rxh7 f4 47. Rh5 f3 48. Kxb4 Rxa2 49. Kb3 Rg2 50. Rh3 f2 51. Rf3+ Ke5
52. Kc3 Ke4 53. Rf8 Rg3+ 54. Kc2 Rf3 55. Re8+ Kd5 56. Rd8+ Ke6 0-1

[Event "Frankfurt Ch B 2015"]
[Site "Ffm-Höchst, BiKuZ"]
[Date "2015.05.11"]
[Round "3.10"]
[White "Mook, Karl-Jürgen"]
[Black "Klein, Simon"]
[Result "0-1"]
[WhiteElo "1297"]
[BlackElo "1028"]
[PlyCount "120"]
[EventDate "2015.??.??"]
[WhiteTeam "SC Sulzbach"]
[BlackTeam "SF Frankfurt"]

1. e4 d5 2. exd5 Nf6 3. Nf3 Qxd5 4. Nc3 Qa5 5. Bc4 Bg4 6. h3 Bh5 7. O-O e6 8.
Be2 Bd6 9. d3 Nbd7 10. Bd2 c6 11. a3 h6 12. Ne4 Qc7 13. Nxd6+ Qxd6 14. Re1 Bxf3
15. Bxf3 O-O 16. Bc3 Nd5 17. Bxd5 exd5 18. Qg4 Nf6 19. Qh4 b6 20. Bxf6 Qxf6 21.
Qxf6 gxf6 22. Re7 Rfe8 23. Rae1 Rec8 24. f4 Kg7 25. f5 h5 26. h4 b5 27. Kf2 a5
28. b3 c5 29. R1e2 c4 30. dxc4 bxc4 31. bxc4 dxc4 32. Rd7 Rd8 33. Red2 Re8 34.
Kf3 Re1 35. Rc7 Ra1 36. Rxc4 Rxa3+ 37. Rd3 Rxd3+ 38. cxd3 a4 39. Rc2 a3 40. Ra2
Kf8 41. Ke2 Ke7 42. Ke3 Kd6 43. d4 Kd5 44. Kd3 Ra4 45. Ke3 Kc4 46. g3 Kb3 47.
Rd2 a2 48. Rd3+ Kb2 49. Rd2+ Kc1 50. Ke2 a1=Q 51. Rd1+ Kc2 52. Rd2+ Kc3 53. d5
Re4+ 54. Kf3 Kxd2 55. Kxe4 Qe5+ 56. Kf3 Qe3+ 57. Kg2 Ke2 58. d6 Qf2+ 59. Kh3
Kf1 60. g4 Qg2# 0-1

[Event "Frankfurt Ch B 2015"]
[Site "Ffm-Höchst, BiKuZ"]
[Date "2015.05.11"]
[Round "3.11"]
[White "Pyshny, Anton"]
[Black "Al-Butmeh, Firas"]
[Result "1-0"]
[WhiteElo "1273"]
[BlackElo "822"]
[PlyCount "63"]
[EventDate "2015.??.??"]
[WhiteTeam "SC Eschborn"]
[BlackTeam "Frankfurter TV"]

1. e4 e5 2. Nf3 Nc6 3. Bc4 Bc5 4. d3 Nf6 5. Bg5 O-O 6. Nc3 Bb4 7. Qd2 Nd4 8.
Nxe5 Ne6 9. Bxe6 fxe6 10. a3 Be7 11. Be3 d6 12. Nf3 e5 13. h3 Be6 14. O-O-O Qd7
15. Ng5 c6 16. Nxe6 Qxe6 17. f3 d5 18. exd5 Nxd5 19. Nxd5 cxd5 20. Bg5 Bc5 21.
Rhe1 Qd6 22. Qc3 Bd4 23. Qb3 Rf7 24. Be3 Bxe3+ 25. Rxe3 Qh6 26. d4 exd4 27.
Rxd4 Re8 28. Kd2 Rfe7 29. Qxd5+ Kh8 30. Rde4 Qf6 31. Rxe7 Rxe7 32. Qd8+ 1-0

[Event "Frankfurt Ch B 2015"]
[Site "Ffm-Höchst, BiKuZ"]
[Date "2015.05.11"]
[Round "3.14"]
[White "Hartwig, Horst"]
[Black "Häfner, Günther"]
[Result "1-0"]
[WhiteElo "1156"]
[BlackElo "780"]
[PlyCount "61"]
[EventDate "2015.??.??"]
[WhiteTeam "TuS Hausen"]
[BlackTeam "TSG Nieder-Erlenbach"]

1. e4 c5 2. c4 Nc6 3. Nf3 d6 4. Be2 Nf6 5. Nc3 a6 6. O-O e5 7. d3 Be7 8. a3 O-O
9. Rb1 Rb8 10. b4 cxb4 11. axb4 b5 12. Nd5 Nxd5 13. cxd5 Nd4 14. Nxd4 exd4 15.
Bg4 Bb7 16. Bb2 Bf6 17. f4 Qb6 18. Qf3 Bc8 19. Bxc8 Rbxc8 20. Rfe1 Rfe8 21. Qg4
Qa7 22. e5 dxe5 23. fxe5 Be7 24. Bxd4 Qb7 25. e6 f6 26. Qe4 Bd6 27. Re3 Qe7 28.
Rh3 h6 29. Qg6 Kf8 30. Qh7 Red8 31. Qh8# 1-0

[Event "Frankfurt Ch B 2015"]
[Site "Ffm-Höchst, BiKuZ"]
[Date "2015.05.11"]
[Round "3.18"]
[White "Dröser, Wolfgang"]
[Black "Goodwin, David"]
[Result "0-1"]
[WhiteElo "1116"]
[BlackElo "1403"]
[PlyCount "106"]
[EventDate "2015.??.??"]
[WhiteTeam "SF Frankfurt"]
[BlackTeam "SV Kelsterbach"]

1. f4 g6 2. Nf3 Bg7 3. e3 c5 4. d3 Nc6 5. Be2 d6 6. Nc3 Nf6 7. O-O O-O 8. Qe1
a6 9. a3 Re8 10. e4 Nd4 11. Bd1 Nd7 12. Kh1 Nxf3 13. Rxf3 e6 14. Ne2 b5 15. c3
Bb7 16. Rh3 f5 17. Ng1 c4 18. Bc2 Nc5 19. Re3 Nxd3 20. Bxd3 cxd3 21. Bd2 fxe4
22. Nh3 Bf6 23. Nf2 d5 24. Ng4 Bg7 25. Rh3 Rf8 26. Nh6+ Bxh6 27. Rxh6 Qf6 28.
Be3 Rf7 29. g3 e5 30. Qf2 exf4 31. gxf4 Bc8 32. Rg1 Bf5 33. Bd4 Qe6 34. Rg3 e3
35. Bxe3 Be4+ 36. Kg1 Rf5 37. h4 Kg7 38. Rhxg6+ hxg6 39. Bd4+ Kh7 40. Qh2 Rh5
41. Rg5 Rg8 42. Qf2 Bf5 43. Kh2 Re8 44. Be5 Rf8 45. Qa7+ Rf7 46. Qb8 Rg7 47.
Rxh5+ gxh5 48. Qf8 Qf7 49. Qd8 d2 50. Bxg7 Kxg7 51. Qg5+ Bg6 52. Qe5+ Qf6 53.
Qxd5 Qxf4+ 0-1

[Event "Frankfurt Ch B 2015"]
[Site "Ffm-Höchst, BiKuZ"]
[Date "2015.05.11"]
[Round "3.19"]
[White "Grünzig, Matthias"]
[Black "Winter, Thomas"]
[Result "0-1"]
[WhiteElo "1239"]
[BlackElo "1238"]
[PlyCount "86"]
[EventDate "2015.??.??"]
[WhiteTeam "TSG Nieder-Erlenbach"]
[BlackTeam "SC Steinbach"]

1. e4 d6 2. d4 Nf6 3. Nc3 e5 4. dxe5 dxe5 5. Qxd8+ Kxd8 6. Nf3 Bd6 7. Bc4 Ke8
8. O-O c6 9. Rd1 Bc7 10. a4 Bg4 11. Rd3 Nbd7 12. Ng5 Rf8 13. Bxf7+ Rxf7 14.
Nxf7 Kxf7 15. h3 Be6 16. Bg5 h6 17. Be3 Ba5 18. f3 Bc4 19. Rd2 Bxc3 20. bxc3 b6
21. Rad1 Be6 22. Kh2 Rb8 23. g3 Rb7 24. g4 Nf8 25. h4 Rd7 26. Rxd7+ N6xd7 27.
Kg3 a5 28. f4 exf4+ 29. Kxf4 Ng6+ 30. Kg3 c5 31. Bf4 Nge5 32. Bxe5 Nxe5 33. g5
h5 34. Rd8 Nc4 35. Rh8 g6 36. Rh7+ Kg8 37. Rb7 Bg4 38. Kf4 Bd1 39. e5 Bxc2 40.
e6 Kf8 41. Rf7+ Ke8 42. Rb7 Bxa4 43. Ke4 Nd6+ 0-1

[Event "Frankfurt Ch B 2015"]
[Site "Ffm-Höchst, BiKuZ"]
[Date "2015.05.11"]
[Round "3.20"]
[White "Müller, Britta"]
[Black "Wenge, Hardy"]
[Result "0-1"]
[WhiteElo "860"]
[BlackElo "1127"]
[PlyCount "100"]
[EventDate "2015.??.??"]
[WhiteTeam "SC Diez"]
[BlackTeam "SF Friedberg"]

1. e4 e5 2. Nf3 d6 3. d4 exd4 4. Nxd4 Nf6 5. Nc3 Be7 6. Be2 O-O 7. O-O Bd7 8.
Bf4 Nc6 9. Qd2 Re8 10. Rad1 Nxd4 11. Qxd4 Rf8 12. e5 Ne8 13. Bf3 Bc6 14. Rd3
Bxf3 15. Rxf3 dxe5 16. Qxd8 Rxd8 17. Bxe5 Bf6 18. Bxf6 Nxf6 19. Rd1 c6 20. Rfd3
Rxd3 21. Rxd3 Re8 22. Kf1 g6 23. f3 Kg7 24. Kf2 b5 25. Rd6 Rc8 26. Ne4 Nxe4+
27. fxe4 Rc7 28. Ke3 Kf8 29. Rd8+ Ke7 30. Rh8 h5 31. Kf4 a5 32. h3 a4 33. g4
hxg4 34. hxg4 Kf6 35. e5+ Ke7 36. Ra8 Rd7 37. Rc8 Rd4+ 38. Kf3 Rc4 39. Rc7+ Ke6
40. b4 Rxc2 41. Ke4 Rc4+ 42. Kd3 Kxe5 43. Re7+ Kf6 44. Re2 Kg5 45. Rg2 Rxb4 46.
Re2 Rxg4 47. Re7 f5 48. Rc7 Rc4 49. a3 Kg4 50. Ra7 f4 0-1

[Event "Frankfurt Ch A 2015"]
[Site "Ffm-Höchst, BiKuZ"]
[Date "2015.05.18"]
[Round "4.1"]
[White "Khenkin, Igor"]
[Black "Minor, Samuel"]
[Result "1-0"]
[WhiteElo "2578"]
[BlackElo "2131"]
[PlyCount "89"]
[EventDate "2015.??.??"]
[WhiteTeam "SG Porz"]
[BlackTeam "Wiesbadener SV"]

1. Nf3 d6 2. d4 f5 3. g3 g6 4. Bg2 Bg7 5. O-O Nf6 6. c4 O-O 7. Nc3 c6 8. Rb1 a5
9. a3 Na6 10. b4 axb4 11. axb4 Nc7 12. b5 Ne4 13. Nxe4 fxe4 14. Nd2 cxb5 15.
cxb5 d5 16. e3 b6 17. Qb3 Ra5 18. Ba3 Rxb5 19. Qc2 Bg4 20. Rfc1 Rxb1 21. Qxb1
Rf6 22. Nxe4 dxe4 23. Qxe4 Qd7 24. h3 Be6 25. Qb7 Nb5 26. Qxd7 Bxd7 27. Bxe7
Rf5 28. g4 Kf7 29. gxf5 Kxe7 30. fxg6 hxg6 31. Rb1 Kd6 32. Bf1 Nxd4 33. exd4
Bxd4 34. h4 Bf5 35. Rb4 Bc5 36. Rb3 Kd5 37. Kg2 Kd4 38. Kg3 Bc2 39. Re3 Be4 40.
Bb5 Bd6+ 41. Kg4 Bb4 42. Be8 Bf5+ 43. Kg5 Bd2 44. Bxg6 Be6 45. Kf6 1-0

[Event "Frankfurt Ch A 2015"]
[Site "Ffm-Höchst, BiKuZ"]
[Date "2015.05.18"]
[Round "4.2"]
[White "Milov, Leonid"]
[Black "Poetsch, Hagen"]
[Result "1/2-1/2"]
[WhiteElo "2396"]
[BlackElo "2464"]
[PlyCount "21"]
[EventDate "2015.??.??"]
[WhiteTeam "SC Noris-Tarrasch Nürnberg"]
[BlackTeam "SF Schöneck"]

1. e4 g6 2. d4 Bg7 3. Nc3 d5 4. exd5 Nf6 5. Bc4 Nbd7 6. Bb3 Nb6 7. Qf3 Bg4 8.
Qg3 Bf5 9. Qf3 Bg4 10. Qg3 Bf5 11. Qf3 1/2-1/2

[Event "Frankfurt Ch A 2015"]
[Site "Ffm-Höchst, BiKuZ"]
[Date "2015.05.18"]
[Round "4.3"]
[White "Stockmann, Michael"]
[Black "Kaiser, Elmar"]
[Result "1/2-1/2"]
[WhiteElo "2193"]
[BlackElo "2172"]
[PlyCount "103"]
[EventDate "2015.??.??"]
[WhiteTeam "SF Schöneck"]
[BlackTeam "SK Tauberbischofsheim"]

1. d4 Nf6 2. c4 e6 3. g3 d5 4. Nf3 dxc4 5. Qa4+ Nbd7 6. Qxc4 c5 7. Bg2 a6 8.
Qc2 Qb6 9. e3 cxd4 10. Nxd4 e5 11. Nb3 Nc5 12. N1d2 Qb5 13. Nxc5 Qxc5 14. Qxc5
Bxc5 15. Nc4 e4 16. a3 b5 17. Nd2 Bb7 18. b4 Be7 19. Bb2 a5 20. bxa5 Rxa5 21.
O-O O-O 22. Rfc1 Bd5 23. Rab1 Ba2 24. Bc3 Bxb1 25. Bxa5 Bd3 26. Bb4 Bxb4 27.
axb4 Ra8 28. Nb3 Nd5 29. Nc5 Nxb4 30. Nxe4 Rb8 31. Nc5 Bc2 32. Bf1 Rd8 33. Nd7
Na2 34. Ra1 Nc3 35. Nb6 Rb8 36. Nd7 Rd8 37. Rc1 Rxd7 38. Rxc2 b4 39. Rb2 Rb7
40. Bc4 Kf8 41. Bb3 Rd7 42. Kg2 Ke7 43. Bc4 Rb7 44. Rd2 Ne4 45. Rd5 f6 46. Bb3
Nd6 47. Rd4 Rb6 48. e4 Nb7 49. Rd5 Nd6 50. Rd4 Nb7 51. Rd5 Nd6 52. Rd4 1/2-1/2

[Event "Frankfurt Ch A 2015"]
[Site "Ffm-Höchst, BiKuZ"]
[Date "2015.05.18"]
[Round "4.4"]
[White "Schwenkreis, Thomas"]
[Black "Reschke, Stefan"]
[Result "1-0"]
[WhiteElo "2031"]
[BlackElo "2259"]
[PlyCount "131"]
[EventDate "2015.??.??"]
[WhiteTeam "SC Brett vorm Kopp"]
[BlackTeam "SV Oberursel"]

1. e4 c5 2. Nf3 Nc6 3. d4 cxd4 4. Nxd4 g6 5. c4 Bg7 6. Nc2 d6 7. Be2 Be6 8. O-O
Rc8 9. Ne3 Nf6 10. Nc3 O-O 11. Rb1 Nd7 12. f4 Nc5 13. f5 Bd7 14. Ned5 e6 15. f6
Bh8 16. b4 exd5 17. bxc5 Bxf6 18. Rxf6 Qxf6 19. Nxd5 Qd4+ 20. Be3 Qxd1+ 21.
Bxd1 Be6 22. cxd6 b6 23. Ba4 Bxd5 24. cxd5 Ne5 25. Bf4 f6 26. Bxe5 fxe5 27. Bd7
Rcd8 28. Be6+ Kg7 29. d7 Rf6 30. Rc1 Rff8 31. Rc7 Kf6 32. Rxa7 Ke7 33. Rc7 Ra8
34. Rc8 Rd8 35. Bh3 b5 36. a3 Ra6 37. Kf2 Rxd7 38. Bxd7 Kxd7 39. Rc3 Ra4 40.
Kf3 b4 41. axb4 Rxb4 42. Ra3 Rb7 43. h4 h5 44. Ke3 Rb2 45. g3 Rb1 46. Ra7+ Kd8
47. Rg7 Rb3+ 48. Kf2 Rb2+ 49. Ke1 Rb4 50. Rxg6 Rxe4+ 51. Kf2 Rd4 52. Rg5 Rxd5
53. Rxh5 Ke7 54. Rf5 Ke6 55. Rf8 Rc5 56. h5 e4 57. g4 Rc3 58. h6 Rh3 59. g5 e3+
60. Ke2 Ke7 61. Rf3 Rh5 62. Rg3 Kf7 63. g6+ Kg8 64. h7+ Kg7 65. Kxe3 Rh4 66.
Rg1 1-0

[Event "Frankfurt Ch A 2015"]
[Site "Ffm-Höchst, BiKuZ"]
[Date "2015.05.18"]
[Round "4.5"]
[White "Henrich, Thomas"]
[Black "Benikhis, Avram"]
[Result "1-0"]
[WhiteElo "2171"]
[BlackElo "1724"]
[PlyCount "123"]
[EventDate "2015.??.??"]
[WhiteTeam "SK Marburg"]
[BlackTeam "SC Eschbach"]

1. d4 d5 2. Bg5 h6 3. Bh4 Bf5 4. e3 Nd7 5. c4 c6 6. Nc3 Ngf6 7. cxd5 cxd5 8.
Qa4 e6 9. Bxf6 gxf6 10. Nge2 a6 11. Ng3 Bg6 12. f4 b5 13. Qb3 b4 14. Nd1 f5 15.
Bd3 Be7 16. O-O O-O 17. Nf2 Nf6 18. Rfc1 Qd7 19. Qd1 Ne4 20. Qe2 Nxf2 21. Kxf2
a5 22. Bb5 Qa7 23. Rc6 Bd8 24. Rac1 Bb6 25. h4 Kg7 26. h5 Bh7 27. Qc2 Rab8 28.
Ne2 Kh8 29. g3 Bg8 30. Rd6 Rfd8 31. Qc6 Rxd6 32. Qxd6 Bd8 33. Bd3 Be7 34. Qc6
Rb6 35. Qa4 Rb7 36. Rc6 Bd8 37. Ra6 Qb8 38. Ng1 Ra7 39. Rc6 Rc7 40. Nf3 Rxc6
41. Qxc6 Qc7 42. Qc5 f6 43. Qf8 Kh7 44. g4 Qe7 45. Qxe7+ Bxe7 46. gxf5 exf5 47.
Nh4 Be6 48. Bxf5+ Bxf5 49. Nxf5 Bf8 50. Nh4 a4 51. b3 axb3 52. axb3 Kg7 53. Ng6
Bd6 54. f5 Kf7 55. Kf3 Ke8 56. Nf4 Bxf4 57. Kxf4 Kd7 58. e4 dxe4 59. Kxe4 Kc6
60. d5+ Kc7 61. Kd4 Kd6 62. Kc4 1-0

[Event "Frankfurt Ch A 2015"]
[Site "Ffm-Höchst, BiKuZ"]
[Date "2015.05.18"]
[Round "4.6"]
[White "Larem, Peter"]
[Black "Keller, Peter"]
[Result "0-1"]
[WhiteElo "1737"]
[BlackElo "2094"]
[PlyCount "32"]
[EventDate "2015.??.??"]
[WhiteTeam "SG Rödermark"]
[BlackTeam "Frankfurter TV"]

1. e4 e5 2. d4 exd4 3. c3 Qe7 4. Bd3 d5 5. Qe2 dxe4 6. Bxe4 Nf6 7. Bg5 Qxe4 8.
Bxf6 Qxe2+ 9. Nxe2 gxf6 10. Nxd4 Bd7 11. O-O c5 12. Re1+ Be7 13. Nb3 b6 14.
N1d2 Nc6 15. Rad1 O-O-O 16. Ne4 Be6 0-1

[Event "Frankfurt Ch A 2015"]
[Site "Ffm-Höchst, BiKuZ"]
[Date "2015.05.18"]
[Round "4.7"]
[White "Reschke, Thomas"]
[Black "Seickel, Ralf"]
[Result "1-0"]
[WhiteElo "2054"]
[BlackElo "1937"]
[PlyCount "109"]
[EventDate "2015.??.??"]
[WhiteTeam "SC Frankfurt-West"]
[BlackTeam "vereinslos"]

1. c4 Nf6 2. g3 g6 3. Bg2 Bg7 4. Nc3 O-O 5. e3 d6 6. Nge2 Nbd7 7. O-O e5 8. d4
c6 9. b3 Qa5 10. a4 Rd8 11. Ba3 exd4 12. exd4 Nf8 13. b4 Qh5 14. Nf4 Qxd1 15.
Raxd1 Ne6 16. Nxe6 Bxe6 17. d5 cxd5 18. Nxd5 Nxd5 19. Bxd5 Rac8 20. Bxb7 Rxc4
21. Bd5 Rc3 22. Bb2 Rc2 23. Bxg7 Kxg7 24. b5 Kf6 25. Rd4 Bxd5 26. Rxd5 Ra2 27.
Rd4 d5 28. Rfd1 Ke6 29. Kg2 Rd7 30. g4 Rc7 31. Kg3 Rc3+ 32. f3 Raa3 33. Rxd5
Rxf3+ 34. Kg2 Rf4 35. Rd6+ Ke7 36. Rd7+ Kf6 37. R1d6+ Kg7 38. g5 Rb4 39. Rf6
Rb2+ 40. Kg1 Ra1+ 41. Rf1 Rxf1+ 42. Kxf1 a6 43. bxa6 Rb6 44. a7 Ra6 45. Ke2
Rxa4 46. Kd3 h5 47. gxh6+ Kxh6 48. Rxf7 g5 49. Kc3 Kh5 50. Kb3 Ra1 51. Kb4 Kh4
52. Kb5 g4 53. Kb6 Kh3 54. Rh7+ Kg2 55. Rg7 1-0

[Event "Frankfurt Ch A 2015"]
[Site "Ffm-Höchst, BiKuZ"]
[Date "2015.05.18"]
[Round "4.8"]
[White "Rondonuwu, Grover"]
[Black "Fucik, Timo"]
[Result "0-1"]
[WhiteElo "1894"]
[BlackElo "2023"]
[PlyCount "119"]
[EventDate "2015.??.??"]
[WhiteTeam "Frankfurter TV"]
[BlackTeam "SK Ettlingen"]

1. d4 d5 2. Nf3 c6 3. Bf4 Nf6 4. e3 Qb6 5. Qc1 Na6 6. Be2 Bg4 7. Nbd2 e6 8. O-O
Nh5 9. Bg5 h6 10. Bh4 g5 11. h3 Bxh3 12. Ne5 Nf6 13. Bg3 Bf5 14. c3 h5 15. a4
h4 16. Bh2 Bd6 17. Ndf3 Ne4 18. a5 Qc7 19. c4 g4 20. c5 Naxc5 21. dxc5 Nxc5 22.
Nd4 g3 23. Nef3 gxh2+ 24. Kh1 h3 25. g3 Be4 26. Kxh2 Bxf3 27. Bxf3 e5 28. b4
Nd3 29. Qd2 Nxb4 30. Nf5 O-O-O 31. a6 Nxa6 32. Bg4 Kb8 33. Rfb1 Nc5 34. Nxd6
Rxd6 35. Qa2 b6 36. Rxb6+ Qxb6 37. Rb1 Rg6 38. Rxb6+ axb6 39. Qb2 Rxg4 40.
Qxe5+ Ka7 41. Qxh8 Re4 42. Qf8 Ka6 43. Qxf7 b5 44. Qf8 Kb6 45. Qd8+ Kb7 46. Qf8
Kb6 47. Kxh3 b4 48. Qd8+ Kb5 49. Qb8+ Kc4 50. Qc7 Re6 51. g4 b3 52. Qb6 Na4 53.
Qd4+ Kb5 54. g5 b2 55. Qd3+ Kb4 56. Qc2 c5 57. g6 c4 58. g7 Re8 59. Kg4 Ka3 60.
f4 0-1

[Event "Frankfurt Ch A 2015"]
[Site "Ffm-Höchst, BiKuZ"]
[Date "2015.05.18"]
[Round "4.9"]
[White "Koch, Markus"]
[Black "Kalepky, Helmut"]
[Result "1-0"]
[WhiteElo "2123"]
[BlackElo "1872"]
[PlyCount "85"]
[EventDate "2015.??.??"]
[WhiteTeam "SC Brett vorm Kopp"]
[BlackTeam "SF Heidesheim"]

1. e4 c6 2. d4 d5 3. e5 c5 4. dxc5 e6 5. Nf3 Bxc5 6. a3 Qc7 7. b4 Bb6 8. Bd3
Nc6 9. Bb2 Bd7 10. O-O h5 11. Nc3 Nce7 12. Nb5 Bxb5 13. Bxb5+ Nc6 14. c4 dxc4
15. Rc1 a6 16. Bxc4 Rd8 17. Qe2 Nge7 18. a4 Qb8 19. b5 axb5 20. axb5 Nd4 21.
Qe4 Nxf3+ 22. Qxf3 Bd4 23. Ba3 b6 24. Bd6 Qa8 25. Qb3 Rh6 26. Rfd1 Nf5 27. Be2
Nxd6 28. Rxd4 Nb7 29. Rxd8+ Qxd8 30. Rd1 Qc7 31. Qa3 Nc5 32. Bf3 f6 33. exf6
gxf6 34. Bc6+ Kf7 35. Qa8 Kg7 36. Rd8 Kg6 37. Rg8+ Kf5 38. Qa2 Qf4 39. Qc2+ Ke5
40. Rd8 Rg6 41. g3 Rg7 42. Kf1 Qg4 43. f4+ 1-0

[Event "Frankfurt Ch A 2015"]
[Site "Ffm-Höchst, BiKuZ"]
[Date "2015.05.18"]
[Round "4.10"]
[White "Krüger, Till"]
[Black "Kaulfuss, Helmut"]
[Result "0-1"]
[WhiteElo "1856"]
[BlackElo "2046"]
[PlyCount "130"]
[EventDate "2015.??.??"]
[WhiteTeam "SC Nidderau"]
[BlackTeam "SV Hofheim"]

1. e4 Nc6 2. Nf3 d6 3. d4 Nf6 4. Nc3 a6 5. Be2 e6 6. O-O Be7 7. Bf4 O-O 8. Qd2
b5 9. a3 Bb7 10. Rfe1 Re8 11. Rad1 Na5 12. Bd3 c5 13. dxc5 dxc5 14. e5 Nd5 15.
Be4 Nc4 16. Qc1 Ncb6 17. Nxd5 exd5 18. c3 g6 19. Bh6 Qc8 20. Bb1 Qe6 21. Qf4
Nd7 22. h4 f5 23. exf6 Qxf6 24. Qg4 Nf8 25. Bg5 Qd6 26. Bxe7 Rxe7 27. Rxe7 Qxe7
28. Re1 Qf6 29. h5 Rd8 30. hxg6 hxg6 31. Nh4 Bc8 32. Qg3 Kg7 33. Bf5 Bxf5 34.
Re7+ Kg8 35. Nxf5 Qxf5 36. Qc7 Rd7 37. Rxd7 Nxd7 38. Qc8+ Kf7 39. Qxa6 d4 40.
cxd4 Qb1+ 41. Kh2 Qxb2 42. dxc5 Qe5+ 43. g3 Qxc5 44. Kg2 Qd5+ 45. Kh2 Ne5 46.
Qa7+ Kf6 47. Qb8 Kg7 48. Qc7+ Kh6 49. Qe7 Ng4+ 50. Kg1 Qf5 51. Qe2 Ne5 52. Kg2
Nc4 53. Qe7 Qd5+ 54. Kh2 Qd6 55. Qh4+ Kg7 56. a4 Ne5 57. Qf4 b4 58. a5 Nf7 59.
a6 Qb6 60. a7 Qxa7 61. Qxb4 Qxf2+ 62. Kh3 Ng5+ 63. Kh4 Kh6 64. Qc4 Nf3+ 65. Kh3
Qh2+ 0-1

[Event "Frankfurt Ch A 2015"]
[Site "Ffm-Höchst, BiKuZ"]
[Date "2015.05.18"]
[Round "4.11"]
[White "Drill, Frank"]
[Black "Winand, Edgar"]
[Result "1-0"]
[WhiteElo "2024"]
[BlackElo "1867"]
[PlyCount "53"]
[EventDate "2015.??.??"]
[WhiteTeam "SF Neuberg"]
[BlackTeam "SC Flörsheim"]

1. Nc3 g6 2. e4 Bg7 3. f4 d6 4. Nf3 c5 5. Bb5+ Nc6 6. O-O a6 7. Bxc6+ bxc6 8.
d3 e6 9. Qe1 Ne7 10. Kh1 Rb8 11. b3 O-O 12. Bd2 Bd4 13. Qh4 f6 14. Rab1 Bxc3
15. Bxc3 e5 16. fxe5 dxe5 17. Qh6 Rb7 18. Rf2 Rf7 19. Rbf1 Be6 20. Bxe5 fxe5
21. Ng5 Nf5 22. exf5 Rxf5 23. Nxe6 Qe8 24. Rxf5 gxf5 25. Rxf5 Rf7 26. g4 Qd7
27. Qf8+ 1-0

[Event "Frankfurt Ch A 2015"]
[Site "Ffm-Höchst, BiKuZ"]
[Date "2015.05.18"]
[Round "4.12"]
[White "Roggensack, Hans Peter"]
[Black "Stock, Jürgen"]
[Result "1-0"]
[WhiteElo "1998"]
[BlackElo "1867"]
[PlyCount "37"]
[EventDate "2015.??.??"]
[WhiteTeam "SF Frankfurt"]
[BlackTeam "SC Eschborn"]

1. e4 e6 2. d4 d5 3. Nd2 Be7 4. c3 Nf6 5. Bd3 c5 6. e5 Nfd7 7. Ne2 Nc6 8. O-O
O-O 9. Nf3 f6 10. exf6 Bxf6 11. Nf4 Re8 12. Re1 e5 13. Nxd5 cxd4 14. Bc4 Kf8
15. b3 Nc5 16. Ba3 b6 17. b4 Be6 18. Nxf6 gxf6 19. Bb5 1-0

[Event "Frankfurt Ch A 2015"]
[Site "Ffm-Höchst, BiKuZ"]
[Date "2015.05.18"]
[Round "4.14"]
[White "Calvi, Stefan"]
[Black "Kulenovic, Adnan"]
[Result "1-0"]
[WhiteElo "1980"]
[BlackElo "1853"]
[PlyCount "59"]
[EventDate "2015.??.??"]
[WhiteTeam "SF Frankfurt"]
[BlackTeam "SC Rodenbach"]

1. e4 Nc6 2. d4 d5 3. exd5 Qxd5 4. Nf3 Bg4 5. Be2 O-O-O 6. Be3 Qa5+ 7. c3 Bxf3
8. Bxf3 Ne5 9. Be2 Ng6 10. O-O e5 11. b4 Bxb4 12. cxb4 Qxb4 13. d5 Nf6 14. Bd2
Qd4 15. Nc3 Nxd5 16. Nb5 Qc5 17. Rc1 Qb6 18. Qa4 a6 19. Nxc7 Nxc7 20. Ba5 Rd4
21. Bxb6 Rxa4 22. Bxc7 Kd7 23. Rfd1+ Ke7 24. Bc4 Re8 25. Bd6+ Kf6 26. g3 Ne7
27. Bb3 Re4 28. Rc7 b6 29. Bxe7+ Rxe7 30. Rd6+ 1-0

[Event "Frankfurt Ch A 2015"]
[Site "Ffm-Höchst, BiKuZ"]
[Date "2015.05.18"]
[Round "4.15"]
[White "Hochmuth, Christian"]
[Black "Benninger, Rudolf"]
[Result "1/2-1/2"]
[WhiteElo "1795"]
[BlackElo "1970"]
[PlyCount "132"]
[EventDate "2015.??.??"]
[WhiteTeam "SG Wächtersbach"]
[BlackTeam "SC Heusenstamm"]

1. d4 g6 2. e4 Bg7 3. Nc3 c6 4. Nf3 d5 5. h3 dxe4 6. Nxe4 Bf5 7. Ng3 Be6 8. c3
Nf6 9. Be2 Nbd7 10. O-O O-O 11. Ng5 Bd5 12. c4 h6 13. cxd5 hxg5 14. dxc6 bxc6
15. Bxg5 Qa5 16. Bd2 Qb6 17. Bc3 Nd5 18. Bf3 N7f6 19. Re1 Rfd8 20. Qa4 a5 21.
Rac1 e6 22. a3 Bh6 23. Rc2 Qb5 24. Qxb5 cxb5 25. Bd2 Bxd2 26. Rxd2 Rac8 27. Ne4
Nxe4 28. Bxe4 Kg7 29. Bxd5 Rxd5 30. Re5 Rcd8 31. Rxd5 Rxd5 32. f4 g5 33. fxg5
Kg6 34. Kf2 Kxg5 35. g3 b4 36. axb4 axb4 37. Rd3 f5 38. Ke3 Rd7 39. Rb3 Rb7 40.
Kf3 Rb8 41. h4+ Kf6 42. Kf4 Rb7 43. h5 Rb5 44. g4 fxg4 45. Kxg4 Rg5+ 46. Kf4
Rb5 47. Ke4 Rxh5 48. Rxb4 Ke7 49. Rb6 Kd7 50. b4 Kc7 51. Rxe6 Rb5 52. Rh6 Kd7
53. d5 Rxb4+ 54. Ke5 Rb5 55. Rh7+ Ke8 56. Kd6 Rb6+ 57. Kc5 Rf6 58. d6 Rf1 59.
Rh8+ Kd7 60. Rh7+ Kd8 61. Rh8+ Kd7 62. Rh7+ Kd8 63. d7 Rc1+ 64. Kb6 Rb1+ 65.
Kc6 Rc1+ 66. Kd6 Rd1+ 1/2-1/2

[Event "Frankfurt Ch A 2015"]
[Site "Ffm-Höchst, BiKuZ"]
[Date "2015.05.18"]
[Round "4.16"]
[White "Biegel, Thomas"]
[Black "Fröhlich-Dill, Astrid"]
[Result "1/2-1/2"]
[WhiteElo "1961"]
[BlackElo "1861"]
[PlyCount "100"]
[EventDate "2015.??.??"]
[WhiteTeam "SVG Eppstein"]
[BlackTeam "SV Hofheim"]

1. Nf3 d5 2. c4 c6 3. Qc2 Nf6 4. g3 g6 5. cxd5 cxd5 6. Bg2 Bg7 7. O-O O-O 8.
Nc3 Nc6 9. d4 Bf5 10. Qb3 Na5 11. Qb4 Rc8 12. Bg5 Rc4 13. Qa3 b6 14. Rac1 h6
15. Bxf6 Bxf6 16. b3 Rc7 17. Ne5 Bxe5 18. dxe5 e6 19. Nb5 Rxc1 20. Qxc1 Qd7 21.
Nd6 Nc6 22. Qc3 f6 23. Nxf5 gxf5 24. exf6 Nd8 25. Rc1 Qf7 26. Qc7 Qxc7 27. Rxc7
Rf7 28. Rc8 Rd7 29. e3 Kf7 30. Bf1 Kxf6 31. Bb5 Rd6 32. Rc7 a5 33. Kf1 e5 34.
Be8 d4 35. exd4 exd4 36. f4 Re6 37. Bb5 Rd6 38. Rd7 Rxd7 39. Bxd7 Nb7 40. Ke2
Nc5 41. Bb5 Ke6 42. Bc4+ Kd6 43. Bf7 Kc7 44. Bc4 Kd6 45. Kd2 Kc6 46. Bf7 Ne4+
47. Kd3 Kc5 48. a3 b5 49. Be6 Nd6 50. Bd7 Kd5 1/2-1/2